000 01170nam0a22002771 4500
001 rc\2780576
005 20250806210048.0
035 _a(NLR Aleph) 006906812
090 _a16062
_c16062
100 _a20110915d1942 u y0rusy50 ca
101 0 _arus
102 _aRU
105 _aa z |||||
200 1 _aШирокозахватные льнотеребилки
_eУчеб. пособие для подготовки работников на льнотеребилках
205 _a2-е изд., испр.
210 _aМосква
_cСельхозгиз
_d1942
215 _a148 с., 1 л. черт.
_cил.
_d20 см.
225 1 _aУчебники и учебные пособия для подготовки сельскохозяйственных кадров массовой квалификации
_fВсесоюз. науч.-исслед. ин-т льна
700 1 _aВолков
_bГ.М.
_gГеоргий Михайлович
801 0 _aRU
_bNLR
_gpsbo
801 1 _aRU
_bELAR
_2rusmarc
852 _aNLR
_jТ56 Г-3/69
942 _cBOOK
945 _aРоссийская национальная библиотека
980 _aNB
980 _aBV